Statystyki dla Faza finałowa Ligi Narodów kobiet w siatkówce

Kliknij tutaj aby rozwiązać quiz!

Ogólne statystyki

  • Ten quiz został rozwiązany 14 razy
  • Średni wynik to 7 z 8

Statystyki odpowiedzi

Reprezentacje% Poprawnych
Niemcy
100%
Polska
100%
Japonia
93%
USA
93%
Włochy
93%
Brazylia
86%
Chiny
86%
Turcja
86%

Rozkład punktacji

Percentyl według liczby udzielonych odpowiedzi

Procent ludzi z każdym wynikiem

Twoja historia wyników

Nie rozwiązałeś tego quizu